| 000 | 00661nam a2200229 a 4500 | ||
|---|---|---|---|
| 001 | 49504 | ||
| 003 | BD-RjUL | ||
| 005 | 20211209054705.0 | ||
| 008 | 160821s1973 enka 000 0 eng | ||
| 020 | _a085524092X | ||
| 035 | _a(BD-RjUL)49623 | ||
| 040 |
_aLC _beng _cLC _dLC _dBD-RjUL |
||
| 041 | _aeng | ||
| 082 | 0 | 4 |
_a359.32520942 _223 _bBLR 1973 |
| 100 | 1 |
_aBlundell, W. D. G. _9148530 |
|
| 245 | 1 | 0 |
_aRoyal Navy battleships 1895-1946 / _cW. D. G. Blundell |
| 260 |
_aLondon, _bAlmark Publishing, _c1973. |
||
| 300 |
_a96 p. : _bill ; _c22 cm. |
||
| 610 | 1 | 0 |
_aGreat Britain. _bRoyal Navy _9148531 |
| 650 | 0 |
_aBattleships _xHistory. _9148532 |
|
| 942 |
_2ddc _cBK |
||
| 999 |
_c49504 _d49504 |
||